Shared futures (Record no. 74712)

MARC details
000 -LEADER
fixed length control field 01450cab a2200217 4500
001 - CONTROL NUMBER
control field ##ABS68643
008 - FIXED-LENGTH DATA ELEMENTS--GENERAL INFORMATION
fixed length control field 050112n2004 000 0 eng u
035 ## - SYSTEM CONTROL NUMBER
System control number (Sirsi) u128504
041 0# - LANGUAGE CODE
Language code of text/sound track or separate title eng
100 1# - MAIN ENTRY--PERSONAL NAME
Personal name Williams, P.
245 00 - TITLE STATEMENT
Title Shared futures
Remainder of title taking home-ownership forward through shared equity
260 ## - PUBLICATION, DISTRIBUTION, ETC.
Date of publication, distribution, etc. 2004
490 #0 - SERIES STATEMENT
Series statement Housing Finance
Volume/sequential designation (64) Winter 2004, 19-30(12)
520 ## - SUMMARY, ETC.
Summary, etc. Sets out the case for more Low-Cost Home-Ownership (LCHO) opportunities and flexibility in support of aspiring home owners such as first-time buyers or key workers and opens up the idea of a new partnership between mortgage lenders and government to develop a substantial equity loan market alongside conventional mortgages. Outlines the market context, the scale of current LCHO programmes, the reasons for a new equity loan approach, the potential demand for a new loan product, and the risks and rewards of equity loans. Compares in conclusion the options for developing the range of the UK mortgage market including extending current offerings such as Homebuy and building a new LCHO equity loan market. Charts and tables cover housing affordability, Homebuy units, dwellings by tenure and affordability of equity loan. References.
590 ## - LOCAL NOTE (RLIN)
Local note ABS
650 24 - SUBJECT ADDED ENTRY--TOPICAL TERM
Topical term or geographic name entry element DCLG HOMEBUY
651 #4 - SUBJECT ADDED ENTRY--GEOGRAPHIC NAME
Geographic name England
Chronological subdivision 886-
690 ## - LOCAL SUBJECT ADDED ENTRY--TOPICAL TERM (OCLC, RLIN)
Topical term or geographic name as entry element PROPERTY-RESIDENTIAL PROPERTY-ACQUISITION AND DISPOSAL OF RESIDENTIAL PROPERTY
700 1# - ADDED ENTRY--PERSONAL NAME
Personal name Bennett, J.
942 ## - ADDED ENTRY ELEMENTS (KOHA)
Suppress in OPAC 0
Holdings
Withdrawn status Lost status Source of classification or shelving scheme Damaged status Not for loan Home library Current library Shelving location Date acquired Total Checkouts Full call number Barcode Date last seen Copy number Price effective from Koha item type
    Dewey Decimal Classification     London London Journal article 12/01/2005   ABS68643 128504-1001 06/08/2019 1 06/08/2019 Journal article